[Event "Icelandic Open 2019"]
[Site "Akureyri"]
[Date "2019.05.26"]
[Round "3.15"]
[White "Briem, Benedikt"]
[Black "Bergsson, Stefan"]
[Result "0-1"]
[WhiteElo "1811"]
[BlackElo "2124"]
[Annotator "NA RC"]
[PlyCount "166"]
[EventDate "2019.05.25"]
[EventType "swiss"]
[EventCountry "ISL"]
[SourceTitle "playchess.com"]
[Source "ChessBase"]
[SourceQuality "1"]
[TimeControl "40/5400+30:1800+30"]

1. d4 {[%emt 0:00:00]} d5 {[%emt 0:01:52]} 2. Nf3 {[%emt 0:00:13]} Nf6 {[%emt 0:00:12]} 3. Bf4 {[%emt 0:00:19]} c5 {[%emt 0:00:15]} 4. e3 {[%emt 0:00:22]} Nc6 {[%emt 0:00:25]} 5. c3 {[%emt 0:00:33]} e6 {[%emt 0:00:31]} 6. Bd3 {[%emt 0:00:21]} Bd6 {[%emt 0:00:25]} 7. Bg3 {[%emt 0:00:12]} Bxg3 {[%emt 0:03:01]} 8. hxg3 {[%emt 0:00:15]} Qd6 {[%emt 0:01:03]} 9. Nbd2 {[%emt 0:01:12]} e5 {[%emt 0:01:37] D02: 1 d4 d5 2 Nf3 sidelines, including 2...Nf6 3 g3 and 2...Nf6 3 Bf4} (9... h6 10. O-O O-O 11. Re1 Rd8 12. Qe2 e5 {½-½ (12) Prohaszka,P (2596)-Khismatullin,D (2651) Minsk 2017}) 10. dxe5 {[%emt 0:01:26]} Nxe5 {[%emt 0:01:57]} 11. Nxe5 {[%emt 0:00:13]} Qxe5 {[%emt 0:00:02]} 12. Nf3 {[%emt 0:00:21]} Qc7 {[%emt 0:02:59]} 13. Qa4+ {[%emt 0:02:10]} Bd7 {[%emt 0:01:51]} 14. Qf4 {[%emt 0:00:55]} Rc8 $146 {[%emt 0:01:24]} ({Predecessor:} 14... Qxf4 15. gxf4 {0-1 (58) Korotkjevich,S (2372)-Sonntag,H (2350) Germany 2018}) 15. Qxc7 {[%emt 0:01:59]} Rxc7 {[%emt 0:00:02]} 16. Ne5 {[%emt 0:00:36]} Be6 {[%emt 0:01:01]} 17. Bb5+ {[%emt 0:05:48]} Ke7 {[%emt 0:00:11]} 18. a4 {[%emt 0:01:09]} Kd6 {[%emt 0:01:53]} 19. Nf3 {[%emt 0:01:59]} c4 {[%emt 0:02:11]} 20. a5 {[%emt 0:03:24]} Rc5 {[%emt 0:00:11]} 21. Nd4 {[%emt 0:01:24]} a6 {[%emt 0:00:18]} 22. Ba4 {[%emt 0:00:32]} g6 {[%emt 0:05:06]} 23. Bc2 {[%emt 0:01:24]} h5 {[%emt 0:00:25]} 24. f3 {[%emt 0:06:49]} Re8 {[%emt 0:01:01]} 25. Kf2 {[%emt 0:02:07]} Bc8 {[%emt 0:00:02]} 26. Rhd1 {[%emt 0:00:48]} Ke5 {[%emt 0:01:52]} 27. Re1 {[%emt 0:01:13]} Kd6 {[%emt 0:02:27]} 28. Red1 {[%emt 0:00:17]} Kc7 {[%emt 0:00:41]} 29. Rd2 {[%emt 0:02:33]} Nd7 {[%emt 0:01:23]} 30. Ra2 {[%emt 0:07:15]} Nf6 {[%emt 0:01:10]} 31. Rd1 {[%emt 0:00:22]} Re5 {[%emt 0:00:42]} 32. Rd2 {[%emt 0:03:49]} Kb8 {[%emt 0:01:45]} 33. Ra1 {[%emt 0:01:57]} Rc7 {[%emt 0:00:18]} 34. Re2 {[%emt 0:01:21]} Rce7 {[%emt 0:08:27]} 35. Rae1 {[%emt 0:01:27]} Re8 {[%emt 0:02:05]} 36. Rd1 {[%emt 0:02:12]} Kc7 {[%emt 0:02:55]} 37. Rde1 {[%emt 0:00:23]} Bd7 {[%emt 0:00:20]} 38. Ra1 {[%emt 0:00:30]} Kd6 {[%emt 0:00:07]} 39. Rae1 {[%emt 0:00:23]} Kc5 {[%emt 0:00:07]} 40. Ra1 {[%emt 0:00:00]} Bc6 {[%emt 0:00:00]} 41. Ree1 {[%emt 0:02:12]} R5e7 {[%emt 0:01:39]} 42. Ra2 {[%emt 0:01:02]} Nd7 {[%emt 0:01:09]} 43. Ra3 {[%emt 0:06:54]} Ne5 {[%emt 0:00:19]} 44. Raa1 {[%emt 0:00:44]} Bb5 {[%emt 0:04:00]} 45. Rad1 {[%emt 0:07:29]} Bc6 {[%emt 0:07:46]} 46. Ra1 {[%emt 0:00:42]} Rb8 {[%emt 0:01:02]} 47. Ra2 {[%emt 0:03:09]} Kd6 {[%emt 0:02:44]} 48. Ke2 {[%emt 0:03:03]} Nd7 {[%emt 0:00:32]} 49. Kd2 {[%emt 0:01:36]} Nc5 {[%emt 0:00:04]} 50. b4 {[%emt 0:09:21]} cxb3 {[%emt 0:00:23]} 51. Bxb3 {[%emt 0:00:54]} b6 {[%emt 0:01:12]} 52. axb6 {[%emt 0:02:11]} Rxb6 {[%emt 0:00:14]} 53. Bc2 {[%emt 0:00:22]} Reb7 {[%emt 0:01:40]} 54. Rea1 {[%emt 0:04:51]} Rb2 {[%emt 0:00:44]} 55. Rxb2 {[%emt 0:01:29]} Rxb2 {[%emt 0:00:02]} 56. Rb1 {[%emt 0:00:59]} Rxb1 {[%emt 0:00:46]} 57. Bxb1 {[%emt 0:00:02]} a5 {[%emt 0:00:32]} 58. Ba2 {[%emt 0:04:28]} a4 {[%emt 0:05:33]} 59. c4 {[%emt 0:02:11]} dxc4 {[%emt 0:03:12]} 60. Nxc6 {[%emt 0:02:24]} Kxc6 {[%emt 0:00:51]} 61. Bxc4 {[%emt 0:00:11]} Ne6 {[%emt 0:00:17]} 62. Kc3 {[%emt 0:02:26]} Kc5 {[%emt 0:00:04]} 63. f4 {[%emt 0:01:43]} Nd8 {[%emt 0:00:53]} 64. e4 {[%emt 0:01:33]} f6 {[%emt 0:01:52]} 65. Bd5 {[%emt 0:14:05]} g5 {[%emt 0:00:42]} 66. Bc4 {[%emt 0:05:51]} h4 $11 {[%emt 0:01:04]} 67. gxh4 {[%emt 0:01:01]} gxh4 {[%emt 0:00:04]} 68. e5 {[%emt 0:03:08]} fxe5 {[%emt 0:00:02]} 69. fxe5 {[%emt 0:00:54]} Nc6 {[%emt 0:03:03]} 70. e6 {[%emt 0:00:24]} a3 {[%emt 0:03:59]} 71. Be2 {[%emt 0:01:44]} Kd6 {[%emt 0:00:56]} 72. Bg4 {[%emt 0:02:45]} Nd4 {[%emt 0:01:04]} 73. Bd1 {[%emt 0:01:10]} Ke7 {[%emt 0:01:55]} 74. Bg4 {[%emt 0:01:06]} Kf6 {[%emt 0:01:16]} 75. Bd1 {[%emt 0:01:06]} Nb5+ {[%emt 0:00:23]} 76. Kb3 {[%emt 0:00:45]} Kxe6 {[%emt 0:00:29]} 77. Kb4 {[%emt 0:00:25]} Ke5 {[%emt 0:00:25]} 78. Bb3 {[%emt 0:00:32]} Nd4 {[%emt 0:00:18]} 79. Ba2 {[%emt 0:00:18]} Nc2+ {[%emt 0:01:49]} 80. Kb3 {[%emt 0:00:35]} Ne3 {[%emt 0:00:27]} 81. Kxa3 {[%emt 0:00:35]} Nxg2 {[%emt 0:00:34]} 82. Bf7 {[%emt 0:00:06]} h3 {[%emt 0:00:39]} 83. Bd5 {[%emt 0:00:49]} Kxd5 {[%emt 0:00:08]} 0-1

[Event "Icelandic Open 2019"]
[Site "Akureyri"]
[Date "2019.05.27"]
[Round "4.1"]
[White "Thorfinnsson, Bjorn"]
[Black "Sokolov, Ivan"]
[Result "0-1"]
[WhiteElo "2389"]
[BlackElo "2593"]
[Annotator "ChessBase"]
[PlyCount "32"]
[EventDate "2019.05.25"]
[EventType "swiss"]
[EventCountry "ISL"]
[SourceTitle "playchess.com"]
[Source "ChessBase"]
[SourceQuality "1"]
[TimeControl "40/5400+30:1800+30"]

1. c4 {[%emt 0:00:00]} e5 {[%emt 0:07:02]} 2. Nc3 {[%emt 0:00:52]} Bb4 {[%emt 0:06:19]} 3. Nd5 {[%emt 0:00:21]} Be7 {[%emt 0:00:24]} 4. d4 {[%emt 0:01:56]} d6 {[%emt 0:00:18]} 5. c5 {[%emt 0:12:22]} Nf6 {[%emt 0:03:13]} 6. Nxe7 {[%emt 0:01:30]} Qxe7 {[%emt 0:00:04]} 7. cxd6 {[%emt 0:02:27]} cxd6 {[%emt 0:00:08]} 8. b3 {[%emt 0:01:15]} Nc6 {[%emt 0:04:15]} 9. d5 {[%emt 0:01:59]} Nb4 {[%emt 0:00:29]} 10. Ba3 {[%emt 0:01:55]} Nbxd5 {[%emt 0:13:03]} 11. e4 {[%emt 0:22:22]} Qc7 {[%emt 0:00:11]} 12. Bb5+ {[%emt 0:00:24]} Ke7 {[%emt 0:00:06]} 13. Qd2 {[%emt 0:14:15]} Nxe4 {[%emt 0:01:34]} 14. Qxd5 {[%emt 0:00:03]} Qc3+ {[%emt 0:00:52]} 15. Ke2 {[%emt 0:00:11]} Qc2+ {[%emt 0:01:38]} 16. Ke3 {[%emt 0:02:41]} Qxf2+ {[%emt 0:00:27]} 0-1

[Event "Icelandic Open 2019"]
[Site "Akureyri"]
[Date "2019.05.27"]
[Round "4.2"]
[White "Thorfinnsson, Bragi"]
[Black "Gislason, Gudmundur"]
[Result "1/2-1/2"]
[WhiteElo "2451"]
[BlackElo "2288"]
[Annotator "TA"]
[PlyCount "84"]
[EventDate "2019.05.25"]
[EventType "swiss"]
[EventCountry "ISL"]
[SourceTitle "playchess.com"]
[Source "ChessBase"]
[SourceQuality "1"]

{[%evp 9,84,15,12,2,17,33,10,14,9,0,0,0,0,0,0,-27,0,0,0,-15,-12,0,0,0,29,0,0,-22,-20,-25,-23,-19,-22,-43,0,0,0,-60,-49,-51,-48,-58,-49,-77,-77,-69,0,-15,28,28,28,27,29,36,27,24,31,28,58,43,66,68,65,0,0,0,0,0,0,0,0,0,0,0,0,0,0]} 1. d4 Nf6 2. Bf4 g6 3. Nc3 Bg7 4. e4 O-O 5. Qd2 d5 6. e5 {A45: Trompowsky Attack} Ne4 7. Nxe4 dxe4 8. O-O-O c5 9. d5 Nd7 10. f3 Nxe5 11. fxe4 Bg4 $146 12. Re1 c4 {White must now prevent ...c3!} 13. c3 $1 Qa5 14. Kb1 b5 15. h3 {[#] Bxe5 is the strong threat.} Bd7 16. Nf3 Qc7 17. Bh6 Rab8 18. h4 Bxh6 19. Qxh6 {[#] Threatening mate with Ng5.} Ng4 20. Qd2 h5 21. Nd4 Qd6 22. Be2 Ne5 23. g4 (23. Ka1 $11) 23... Bxg4 $15 24. Bxg4 Nxg4 ({Not} 24... hxg4 25. h5 $16) 25. Nc6 Ne5 26. Nxe5 Qxe5 27. Rhg1 Rfd8 (27... Kh7 $15) 28. Rg5 $11 Qd6 29. Reg1 $1 $36 {[%mdl 2048] White has the initiative.} b4 30. Rxh5 $1 {Threatens to win with Qh6.} bxc3 31. Qxc3 {[%csl Gc3][%cal Rh5h8]} Qf6 32. Qxf6 exf6 {[%mdl 4096] Endgame KRR-KRR} 33. Rf5 Kg7 34. Kc2 Rd6 35. Rf2 Ra6 36. Rd1 ({Better is} 36. Ra1 $14) 36... Rxa2 {The position is equal.} 37. Kc3 Ra4 38. d6 Rb3+ 39. Kc2 {And now d7 would win.} Rb8 40. Rdf1 c3 41. bxc3 Ra2+ 42. Kc1 Ra1+ {Accuracy: White = 69%, Black = 82%.} 1/2-1/2

[Event "Icelandic Open 2019"]
[Site "Akureyri"]
[Date "2019.05.27"]
[Round "4.3"]
[White "Gretarsson, Helgi Ass"]
[Black "Thorhallsson, Throstur"]
[Result "1/2-1/2"]
[WhiteElo "2433"]
[BlackElo "2435"]
[Annotator "TA"]
[PlyCount "117"]
[EventDate "2019.05.25"]
[EventType "swiss"]
[EventCountry "ISL"]
[SourceTitle "playchess.com"]
[Source "ChessBase"]
[SourceQuality "1"]

{[%evp 12,117,54,37,47,41,40,36,19,30,19,10,14,26,43,29,38,46,28,31,88,0,84,89,75,67,78,65,65,67,82,0,0,7,37,0,46,0,0,0,48,49,71,72,80,41,52,65,87,89,119,110,99,93,128,129,127,108,105,107,114,116,115,110,129,97,95,91,108,108,108,108,96,90,98,73,73,58,62,46,52,45,58,58,58,58,58,58,70,75,68,58,64,54,54,34,49,35,33,47,44,45,49,16,20,22,23,18]} 1. d4 Nf6 2. c4 e6 3. Nc3 d5 4. Bf4 Be7 5. e3 O-O 6. Nf3 dxc4 7. Bxc4 a6 {D37: Queen's Gambit Declined: 5 Bf4} 8. O-O b5 9. Bd3 Bb7 {White is slightly better.} 10. Qc2 Nbd7 11. a4 b4 12. Ne4 $36 {[%mdl 2048] White is more active.} Rc8 $146 ({Predecessor:} 12... c5 13. Nxf6+ Nxf6 14. dxc5 Qd5 15. c6 Qxc6 16. Qxc6 Bxc6 {½-½ (41) Neverov,V (2544)-Charkhalashvili,I (2346) Chalkis 2010}) 13. Nxf6+ Nxf6 14. Qe2 a5 15. Rfd1 Qd5 ({Better is} 15... c5 $14) 16. Bg5 (16. Rac1 $16) 16... Bd6 {[#]} (16... h6 $11 {remains equal.} 17. e4 Qd8 18. Bxf6 Bxf6) 17. Bxf6 $1 $16 gxf6 18. e4 Qh5 19. Ba6 Bxa6 20. Qxa6 Kh8 21. Kh1 (21. Rd3 $16) 21... Rg8 $11 22. Rg1 Rcd8 23. Rae1 Bf4 (23... Rg4 $5 {[%cal Rd6h2]} 24. e5 fxe5 25. Qxa5 Rf4 26. dxe5 Rxf3 27. gxf3 Qxf3+ 28. Rg2 Rg8 $11) 24. Qe2 c5 25. g3 Bb8 (25... Bh6 {is more complex.} 26. g4 Qg6 27. g5 Bf8 28. gxf6 Qxf6 29. Rxg8+ Kxg8 30. Rg1+ Kh8) 26. dxc5 Qxc5 27. Rc1 {[%cal Be1c1,Bc1c2,Bc2c6][%mdl 32]} Qb6 28. Rc2 Qb7 29. Rgc1 Qd7 30. Rc6 Qd3 31. Qxd3 Rxd3 32. Kg2 Rgd8 33. R6c5 Be5 34. R1c2 b3 35. Re2 Ra8 36. Nxe5 fxe5 37. Rxe5 $16 {[%mdl 4096] Endgame KRR-KRR} Rd4 38. Rb5 Rxa4 39. Rxb3 Rd8 40. Rb7 Kg7 41. Ra7 Rb8 42. Re3 Rab4 43. Rf3 R8b7 44. Rxa5 Rxe4 45. b3 Reb4 46. Ra3 h6 47. Kf1 Kg6 48. Ke2 R4b5 49. Kd2 Rh5 50. h4 Rd5+ 51. Rd3 Rf5 52. f3 Rfb5 53. Kc2 Rc5+ 54. Kb2 Re5 55. Ra4 Re2+ 56. Kc3 Rg2 57. g4 Rh2 58. h5+ Kg5 59. Rc4 {Accuracy: White = 66%, Black = 58%.} 1/2-1/2

[Event "Icelandic Open 2019"]
[Site "Akureyri"]
[Date "2019.05.27"]
[Round "4.4"]
[White "Hillarp Persson, Tiger"]
[Black "Petursson, Gudni"]
[Result "1-0"]
[WhiteElo "2563"]
[BlackElo "2045"]
[Annotator "ChessBase"]
[PlyCount "61"]
[EventDate "2019.05.25"]
[EventType "swiss"]
[EventCountry "ISL"]
[SourceTitle "playchess.com"]
[Source "ChessBase"]
[SourceQuality "1"]
[TimeControl "40/5400+30:1800+30"]

1. Nf3 {[%emt 0:00:00]} Nf6 {[%emt 0:00:26]} 2. g3 {[%emt 0:00:00]} d5 {[%emt 0:01:38]} 3. Bg2 {[%emt 0:00:06]} Nc6 {[%emt 0:01:50]} 4. d4 {[%emt 0:01:03]} Bf5 {[%emt 0:02:07]} 5. c4 {[%emt 0:07:06]} e6 {[%emt 0:01:23]} 6. O-O {[%emt 0:03:39]} Be7 {[%emt 0:00:34]} 7. Nc3 {[%emt 0:00:58]} dxc4 {[%emt 0:03:50]} 8. Qa4 {[%emt 0:04:08]} O-O {[%emt 0:00:39]} 9. Qxc4 {[%emt 0:00:30]} Bg6 {[%emt 0:16:59]} 10. Bg5 {[%emt 0:04:47]} Nd5 {[%emt 0:02:58]} 11. Bxe7 {[%emt 0:00:17]} Ncxe7 {[%emt 0:00:08]} 12. Ne5 {[%emt 0:03:13]} c6 {[%emt 0:00:17]} 13. Nxg6 {[%emt 0:02:28]} hxg6 {[%emt 0:00:12]} 14. Rfd1 {[%emt 0:00:34]} Nxc3 {[%emt 0:00:38]} 15. bxc3 {[%emt 0:00:06]} Qa5 {[%emt 0:02:37]} 16. Qb3 {[%emt 0:02:27]} Rab8 {[%emt 0:00:24]} 17. a4 {[%emt 0:01:19]} Rfd8 {[%emt 0:00:43]} 18. e3 {[%emt 0:02:47]} Nd5 {[%emt 0:03:05]} 19. Rdc1 {[%emt 0:09:43]} Nf6 {[%emt 0:03:42]} 20. Qb4 {[%emt 0:10:00]} Qc7 {[%emt 0:00:20]} 21. a5 {[%emt 0:05:13]} a6 {[%emt 0:02:52]} 22. Rab1 {[%emt 0:00:59]} Nd7 {[%emt 0:00:44]} 23. Qa3 {[%emt 0:02:52]} e5 {[%emt 0:02:22]} 24. Rc2 {[%emt 0:03:11]} exd4 {[%emt 0:02:14]} 25. cxd4 {[%emt 0:00:08]} Nf6 {[%emt 0:00:18]} 26. h4 {[%emt 0:17:11]} Qd7 {[%emt 0:01:33]} 27. Qc5 {[%emt 0:01:52]} Ne8 {[%emt 0:00:31]} 28. Rcb2 {[%emt 0:00:21]} Qc7 {[%emt 0:01:49]} 29. Rb6 {[%emt 0:04:48]} Nd6 {[%emt 0:01:46]} 30. d5 {[%emt 0:00:15]} Nc8 {[%emt 0:00:22]} 31. dxc6 {[%emt 0:00:31]} 1-0

[Event "Icelandic Open 2019"]
[Site "Akureyri"]
[Date "2019.05.27"]
[Round "4.5"]
[White "Kristjansson, Olafur"]
[Black "Stefansson, Hannes"]
[Result "0-1"]
[WhiteElo "2069"]
[BlackElo "2561"]
[Annotator "RC"]
[PlyCount "71"]
[EventDate "2019.05.25"]
[EventType "swiss"]
[EventCountry "ISL"]
[SourceTitle "playchess.com"]
[Source "ChessBase"]
[SourceQuality "1"]
[TimeControl "40/5400+30:1800+30"]

1. e4 {[%emt 0:00:00]} c5 {[%emt 0:00:00]} 2. Nf3 {[%emt 0:00:00]} Nc6 {[%emt 0:00:00]} 3. d4 {[%emt 0:00:29]} cxd4 {[%emt 0:00:00]} 4. Nxd4 {[%emt 0:00:10]} Nf6 {[%emt 0:00:14]} 5. Nc3 {[%emt 0:00:24]} d6 {[%emt 0:00:13]} 6. Be3 {[%emt 0:00:35]} Ng4 {[%emt 0:03:07]} 7. Bb5 {[%emt 0:00:10]} Nxe3 {[%emt 0:00:53]} 8. fxe3 {[%emt 0:03:24]} Bd7 {[%emt 0:00:44]} 9. O-O {[%emt 0:01:09]} e6 {[%emt 0:01:01]} 10. Bxc6 {[%emt 0:00:17]} bxc6 {[%emt 0:00:06]} 11. e5 {[%emt 0:09:17]} dxe5 {[%emt 0:14:38]} 12. Qh5 {[%emt 0:05:40]} Qe7 {[%emt 0:00:31]} 13. Qxe5 {[%emt 0:00:28]} f6 {[%emt 0:04:44]} 14. Qh5+ {[%emt 0:00:13]} Qf7 {[%emt 0:00:28]} 15. Qf3 {[%emt 0:06:55]} Rc8 {[%emt 0:02:30]} 16. Rad1 {[%emt 0:00:21]} Qg6 {[%emt 0:01:37]} 17. Rf2 {[%emt 0:11:42]} Bb4 {[%emt 0:10:26]} 18. e4 {[%emt 0:04:39]} O-O {[%emt 0:07:40]} 19. Nb3 {[%emt 0:03:06]} Be8 {[%emt 0:01:47]} 20. Re1 {[%emt 0:07:48]} Qg5 {[%emt 0:03:45]} 21. Qh3 {[%emt 0:05:39]} Qe5 {[%emt 0:03:08]} 22. Rf3 {[%emt 0:02:48]} Bh5 {[%emt 0:02:22]} 23. Rd3 {[%emt 0:00:52]} Rcd8 {[%emt 0:05:46]} 24. a3 {[%emt 0:02:11]} Rxd3 {[%emt 0:00:16]} 25. Qxd3 {[%emt 0:00:33]} Bd6 {[%emt 0:00:13]} 26. g3 {[%emt 0:00:45]} f5 {[%emt 0:01:56]} 27. Rf1 {[%emt 0:05:20]} f4 {[%emt 0:00:48]} 28. gxf4 {[%emt 0:01:13]} Rxf4 {[%emt 0:00:10]} 29. Rxf4 {[%emt 0:00:12]} Qxf4 {[%emt 0:00:07]} 30. Qg3 {[%emt 0:00:11]} Qxg3+ {[%emt 0:01:21]} 31. hxg3 {[%emt 0:00:10]} Bxg3 {[%emt 0:00:07]} 32. Nd4 {[%emt 0:00:24]} Bf4 {[%emt 0:05:01]} 33. Kf1 {[%emt 0:12:03]} Bc1 {[%emt 0:01:04]} 34. Na4 {[%emt 0:00:28]} e5 {[%emt 0:04:49]} 35. Nb3 {[%emt 0:01:23]} Be3 {[%emt 0:04:04]} 36. Ke1 {[%emt 0:02:20]} 0-1

[Event "Icelandic Open 2019"]
[Site "Akureyri"]
[Date "2019.05.27"]
[Round "4.6"]
[White "Steingrimsson, Hedinn"]
[Black "Thorhallsson, Gylfi"]
[Result "1-0"]
[WhiteElo "2549"]
[BlackElo "2039"]
[Annotator "TA"]
[PlyCount "67"]
[EventDate "2019.05.25"]
[EventType "swiss"]
[EventCountry "ISL"]
[SourceTitle "playchess.com"]
[Source "ChessBase"]
[SourceQuality "1"]

{[%evp 12,67,58,14,24,22,51,35,44,35,102,87,95,87,96,66,76,71,64,-73,-52,-93,-71,-106,0,0,0,-13,0,0,-22,-238,-19,-279,-50,-41,0,0,192,201,196,191,189,185,199,168,262,257,299,291,340,343,333,169,379,0,1348,-134]} 1. d4 e6 2. c4 f5 3. g3 Nf6 4. Bg2 Be7 5. Nf3 d6 6. O-O O-O 7. b4 c6 {A96: Classical Dutch: Fluid Systems: Early deviations} (7... Qe8 8. Bb2 Nc6 9. b5 Nd8 10. Nbd2 Qh5 11. Qc2 Nf7 12. e4 e5 13. Rae1 f4 14. c5 Bh3 15. Qd1 Ng4 16. dxe5 Nfxe5 17. Bxe5 dxe5 18. Qb3+ Kh8 19. Qe6 Bxc5 20. Nxe5 fxg3 21. hxg3 Bxg2 22. Nxg4 {0-1 (22) Matlakov,M (2689)-Amin,B (2635) Dubai 2014}) 8. Nc3 Qe8 9. Rb1 Nbd7 $146 {White is slightly better.} ({Predecessor:} 9... Qh5 10. e3 Ne4 11. Bb2 d5 12. c5 Bd7 13. Ne5 Qxd1 14. Rfxd1 Bf6 15. f3 Nxc3 16. Bxc3 {½-½ (41) Pohl Kuemmel,J (2260)-Bocksberger,S (2305) Bayern 1997}) 10. c5 Qh5 (10... d5 $14) 11. cxd6 Bxd6 12. b5 Nd5 13. Bb2 N7f6 14. bxc6 bxc6 15. Na4 (15. Qa4 $14 {keeps the upper hand.} Rb8 16. Nxd5 (16. Qxa7 Bd7 $14) (16. Qxc6 Rb6 $11) 16... cxd5 17. Ba3) 15... f4 $1 $17 16. Bc1 fxg3 17. fxg3 {[#]} Ng4 (17... Ba6 $1 $17 18. Rb2 Ng4) 18. Rb3 $11 Rxf3 19. Rfxf3 {aiming for h3.} Qxh2+ 20. Kf1 Ba6 {Black wants to play ...Bc4.} 21. Nc5 $2 (21. Qc2 $11) 21... Bc4 $2 ({Black should play} 21... Bxc5 $1 $19 22. dxc5 Rd8) 22. Ra3 $2 {[%mdl 8192]} (22. Ne4 $1 $11 Bxb3 23. Qxb3) 22... Qh5 $2 (22... Rd8 $19 {Strongly threatening ...Bxc5.} 23. Ra4 {[#]} Nc3 $1 {[%mdl 576] Deflection} 24. Rxc3 Rf8+ 25. Ke1 Qxg2 26. Raxc4 Rf1+ 27. Kd2 Rxd1+ 28. Kxd1 Bxg3) 23. Qc2 $1 $15 {[%cal Rc2c4]} Nh2+ {[%mdl 64] Discovered Attack} 24. Kg1 Nxf3+ $2 (24... Bb5 $11 {and Black stays safe.}) 25. Bxf3 $18 Qg6 26. Be4 Qg4 27. Qxc4 Bxg3 28. Bg2 {Black must now prevent Nxe6!} Rf8 (28... Bf4 {might work better.}) 29. Rf3 Rxf3 30. exf3 Qh4 31. Ne4 ({Weaker is} 31. Nxe6 Bf2+ 32. Kf1 Be3 $15) 31... Bf4 {...Qe1+ is the strong threat.} 32. Kf1 (32. Qxc6 $142 {[%cal Rc6e8]} Kf7 33. Bxf4 Nxf4 34. Qc7+ Kg6 35. Bf1 (35. Qxa7 Qe1+ 36. Bf1 Ne2+ 37. Kg2 Nf4+ 38. Kg1 Qe3+ 39. Nf2 Qxf3 $11)) 32... Qh2 $2 (32... Bxc1 {was called for.} 33. Qxc1 h6 34. Qxc6 Nf4 35. Qc8+ Kf7 36. Nd6+ Kg6 37. Qc2+ Kh5) 33. Qc2 $2 (33. Qxc6 $18 {[%cal Rc6e8]} Nc7 34. Bxf4 Qxf4 35. Nd6) 33... e5 $2 {[%mdl 8192]} (33... Be3 $11 34. Nf2 Bxc1 35. Qxc6 Ne3+ {[%mdl 64] Double Attack} 36. Ke2 Qb8 37. Qxc1 Nxg2) 34. Qd1 $2 {[%mdl 32768] Accuracy: White = 24%, Black = 24%. . Loss on time!?} (34. Qxc6 $18 {[%cal Rc6e8]} h6 35. Qxd5+ Kh8 36. Bxf4 Qxf4 37. dxe5 Qc1+ 38. Kf2 Qb2+ 39. Kg3) 1-0

[Event "Icelandic Open 2019"]
[Site "Akureyri"]
[Date "2019.05.27"]
[Round "4.7"]
[White "Bergsson, Stefan"]
[Black "Kjartansson, Gudmundur"]
[Result "0-1"]
[WhiteElo "2124"]
[BlackElo "2454"]
[Annotator "RC"]
[PlyCount "58"]
[EventDate "2019.05.25"]
[EventType "swiss"]
[EventCountry "ISL"]
[SourceTitle "playchess.com"]
[Source "ChessBase"]
[SourceQuality "1"]
[TimeControl "40/5400+30:1800+30"]

1. c4 {[%emt 0:02:15]} c5 {[%emt 0:01:35]} 2. Nc3 {[%emt 0:00:27]} g6 {[%emt 0:00:16]} 3. g3 {[%emt 0:01:20]} Bg7 {[%emt 0:00:11]} 4. Bg2 {[%emt 0:00:06]} Nc6 {[%emt 0:00:20]} 5. a3 {[%emt 0:02:12]} d6 {[%emt 0:04:59]} 6. Rb1 {[%emt 0:00:17]} Nh6 {[%emt 0:00:43]} 7. e3 {[%emt 0:00:51]} Bd7 {[%emt 0:21:50]} 8. Nge2 {[%emt 0:01:30]} Nf5 {[%emt 0:04:25]} 9. b4 {[%emt 0:04:54]} Rb8 {[%emt 0:08:48]} 10. O-O {[%emt 0:02:11]} h5 {[%emt 0:00:37]} 11. h3 {[%emt 0:01:01]} b6 {[%emt 0:01:29]} 12. b5 {[%emt 0:01:36]} Na5 {[%emt 0:05:14]} 13. d3 {[%emt 0:01:58]} Bc8 {[%emt 0:01:22]} 14. Bb2 {[%emt 0:13:43]} Bb7 {[%emt 0:01:25]} 15. e4 {[%emt 0:05:11]} Nd4 {[%emt 0:00:22]} 16. Nxd4 {[%emt 0:00:24]} cxd4 {[%emt 0:03:17]} 17. Ne2 {[%emt 0:03:58]} e5 {[%emt 0:00:08]} 18. f4 {[%emt 0:00:04]} Bc8 {[%emt 0:01:07]} 19. f5 {[%emt 0:02:30]} Nb7 {[%emt 0:00:51]} 20. Rf3 {[%emt 0:05:46]} Nc5 {[%emt 0:00:41]} 21. Qf1 {[%emt 0:00:49]} gxf5 {[%emt 0:12:59]} 22. Nc1 {[%emt 0:04:32]} fxe4 {[%emt 0:05:48]} 23. Rxf7 {[%emt 0:00:17]} Rb7 {[%emt 0:01:57]} 24. Rxb7 {[%emt 0:05:25]} Bxb7 {[%emt 0:00:14]} 25. dxe4 {[%emt 0:00:31]} Qg5 {[%emt 0:07:14]} 26. Qf5 {[%emt 0:05:20]} Qe3+ {[%emt 0:02:57]} 27. Kh2 {[%emt 0:00:23]} Bxe4 {[%emt 0:00:28]} 28. Qc8+ {[%emt 0:01:08]} Ke7 {[%emt 0:00:12]} 29. Qc7+ {[%emt 0:00:08]} Nd7 {[%emt 0:00:09]} 0-1